000 02083nam1a2200349 i 4500
001 RU\NLR\bibl\112936
005 20240920024044.0
035 _a(NLR Aleph) 000110554
090 _a627008
_c627008
100 _a20001016g19999999u y0rusy50 ca
101 0 _arus
102 _aRU
105 _aa |||||||||
200 1 _aАвтоматизация производственных процессов текстильной и легкой промышленности
_eУчеб. пособие
_fВ.Л. Литвинчук, Е.Г. Маежов, Г.А. Новоселов и др.
_g[Под ред. проф. В.Я. Энтина и проф. Д.А. Шурыгина]
_gМ-во общ. и проф. образования Рос. Федерации, С.-Петерб. гос. ун-т технологии и дизайна
210 _aСПб.
_cСПГУТД
_d1999
215 _d20
463 0 _1001110801
463 0 _1001115920
606 0 _aЛегкая промышленность
_jРуководства, пособия и т.п. для высшей школы
_xПредприятия
_xАвтоматизация
_91403462
_3RU\NLR\auth\66278551
606 0 _aЛегкая промышленность
_jУчебные издания для высшей школы
_xПредприятия
_xАвтоматизация
_91403462
_3RU\NLR\auth\66278551
606 0 _aТекстильное производство
_jРуководства, пособия и т.п. для высшей школы
_xАвтоматизация
_91132199
_3RU\NLR\auth\66130634
606 0 _aТекстильное производство
_jУчебные издания для высшей школы
_xАвтоматизация
_91132199
_3RU\NLR\auth\66130634
686 _aМ2-5-05я73-1
686 _aМ3-5-05я73-1
701 1 _aЛитвинчук
_bВ. Л.
_4070
701 1 _aМаежов
_bЕ. Г.
_4070
701 1 _aНовоселов
_bГ. А.
_4070
801 0 _aRU
_bNLR
_c20001016
_gPSBO
801 1 _aRU
_bNLR
_c20001016
852 _aNLR
_j2000-3/11283
942 _cBOOK